European Capitals - Statistics

General Stats
  • This quiz has been taken 23 times
  • The average score is 38 of 51
Answer Stats
Country City % Correct
Hungary Budapest
94%
Ireland Dublin
94%
Luxembourg Luxembourg
94%
France Paris
94%
Croatia Zagreb
94%
Netherlands Amsterdam
89%
Turkey Ankara
89%
Greece Athens
89%
Germany Berlin
89%
Denmark Copenhagen
89%
Finland Helsinki
89%
Ukraine Kyiv
89%
Portugal Lisbon
89%
UK London
89%
Spain Madrid
89%
Russia Moscow
89%
Norway Oslo
89%
Italy Rome
89%
San Marino San marino
89%
Sweden Stockholm
89%
Vatican Vatican city
89%
Poland Warsaw
89%
Switzerland Bern
83%
Belgium Brussels
83%
Romania Bucharest
83%
Belarus Minsk
83%
Monaco Monaco
83%
Czechia Prague
83%
Iceland Reykjavik
83%
Bulgaria Sofia
83%
Austria Vienna
83%
Andorra Andorra la vella
78%
Cyprus Nicosia
72%
Latvia Riga
72%
Bosnia Sarajevo
72%
Estonia Tallinn
72%
Liechtenstein Vaduz
72%
Serbia Belgrade
67%
Malta Valletta
67%
Azerbaijan Baku
56%
Slovakia Bratislava
56%
Albania Tiranna
56%
Moldova Chisinau
50%
Slovenia Ljubljana
50%
Georgia Tbilisi
50%
Kazakhstan Astana
44%
Montenegro Podgorica
39%
Kosovo Pristina
39%
North Macedonia Skopje
39%
Lithuania Villinus
22%
Armenia Yerevan
22%
No matching quizzes found
Score Distribution
Percent of People with Each Score
Percentile by Number Answered
Your Score History
You have not taken this quiz